CAPITALISM WITHOUT CAPITAL: THE RISE OF THE INTANGIBLE ECONOMY (Record no. 6775)

MARC details
000 -LEADER
fixed length control field 00358nam a2200121Ia 4500
008 - FIXED-LENGTH DATA ELEMENTS--GENERAL INFORMATION
fixed length control field 250327s9999 xx 000 0 und d
020 ## - INTERNATIONAL STANDARD BOOK NUMBER
International Standard Book Number 9780691175034
082 ## - DEWEY DECIMAL CLASSIFICATION NUMBER
Item number HAS
Classification number CQR
100 ## - MAIN ENTRY--PERSONAL NAME
Personal name JONATHAN HASKEL & STIAN WESTLAKE
9 (RLIN) 34093
245 #0 - TITLE STATEMENT
Title CAPITALISM WITHOUT CAPITAL: THE RISE OF THE INTANGIBLE ECONOMY
260 ## - PUBLICATION, DISTRIBUTION, ETC.
Name of publisher, distributor, etc. PRINCETON UNIVERSITY PRESS
942 ## - ADDED ENTRY ELEMENTS (KOHA)
Koha item type Book
Holdings
Date last seen Total Checkouts Full call number Barcode Cost, replacement price Price effective from Koha item type Lost status Damaged status Not for loan Withdrawn status Home library Current library Shelving location Date acquired Cost, normal purchase price
03/27/2025   330.122 HAS 002445 3425.71 03/27/2025 Book         Indian Institute of Management Visakhapatnam Indian Institute of Management Visakhapatnam General 03/27/2025 3425.71

Copyright © 2024 Indian Institute of Management Visakhapatnam
Koha v23.05